Culture Générale - Série 1622 - Statistiques

Statistiques générales
  • Ce quiz a été pris 116 fois
  • Le résultat moyen est 6 sur 10
Statistiques - réponses
Question Réponse % Correct
Dans la phrase : "Un village de 200 âmes", que désigne le mot "âmes" ? habitants
92%
Qu'est-ce que le Rubicon, franchi par César en 49 avant J.-C. ? fleuve
89%
Quel chanteur disparait en 1986, peu après la sortie de son dernier album : "Sauver l'amour” ? Daniel Balavoine
80%
Quel est le numéro unique d’appel d’urgence européen, accessible où que vous soyez dans l’Union européenne ? 112
74%
Quelle nation a remporté la troisième Coupe du monde de rugby en 1995 ? Afrique du Sud
67%
Au nord de quel pays peut-on parcourir le désert d'Atacama, qui compte près de 200 000 km²? Chili
59%
Comme l'indique son préfixe "E-", le nom anglais "e-book" désigne un livre... électronique
58%
Quel mot désigne à la fois un insecte, un militaire chargé de veiller au maintien de l'ordre et une saucisse plate et sèche ? gendarme
53%
Qui est le président de la République des Philippines de 1965 à 1986 ? Ferdinand Marcos
16%
Quel nom, signifiant "aveugle" en latin, donne-t-on à une jeune anguille qui vient tout juste de quitter son état larvaire ? civelle
13%
Aucun quiz correspondant
Distribution des résultats
% des personnes avec chaque résultat
Percentile par nombre de réponses
Votre historique - résultats
Vous n’avez pas pris ce quiz